000 00250nam a2200085Ia 4500
245 0 _aNo room for error
100 _a Van der Spek, Pete Claremont [South Africa], 2003 1st ed
_981270
942 _cBK
008 210817s9999 xx 000 0 und d
999 _c371282
_d371281